000 01108nam0a2200325 4500
001 RU\NLR\bibl\48494
005 20250616083143.0
010 _a5-232-01047-6
_910000
021 _aRU
_b99-27395
_91335
035 _a(NLR Aleph) 000047329
090 _a251572
_c251572
100 _a19990921d1999 |||y0rusy50 ca
101 1 _arus
_ceng
102 _aRU
105 _aa |||||||||
200 1 _aБоль в спине
_dBack pain
_eВопр. и ответы
_fСандра Салманс
_g[Пер. с англ. С. Богдановой]
_zeng
210 _aМ.
_cКРОН-ПРЕСС
_d1999
215 _a182 с.
_cил.
_d20
225 1 _aБудьте здоровы
300 _aАвт. также на англ. яз.: Sandra Salmans
510 0 _aBack pain
_zeng
606 0 _aСпина
_jПопулярные издания
_xБоли
_92049532
_3RU\NLR\auth\66945433
686 _aР341.235я9
700 1 _aСалманс
_bС.
_gСандра
_4070
801 0 _aRU
_bNLR
_c19990921
_gPSBO
801 1 _aRU
_bNLR
_c19990921
852 _aNLR
_j99-3/10981
942 _cBOOK
980 _aNB